| 000 | 00827nam a22001937a 4500 | ||
|---|---|---|---|
| 999 |
_c11558 _d11558 |
||
| 003 | AR-CdUCM | ||
| 008 | 190404b ||||| |||| 00| 0 spa d | ||
| 040 |
_aMUNICIPALIDAD PROVINCIAL DEL CUSCO _cBIBLIOTECA MUNICIPAL DEL CUSCO |
||
| 082 |
_a658.16 / _bM27 / 1944 |
||
| 100 |
_aManero, Antonio _918467 |
||
| 245 | _aOrganización y financiamiento de empresas / | ||
| 260 |
_aMéxico, D.F : _bMinerva, _c1944. |
||
| 300 |
_a395 páginas ; _c23 cm. |
||
| 505 | _aContenido: Orígenes y evoluciona de las empresas -- Clasificación general y jurídica de las empresas -- La promoción de las empresas -- El método en la promoción -- Constitución jurídica de las empresas ... | ||
| 650 |
_aAdministración de empresas _96082 |
||
| 650 |
_aAdministración financiera _928979 |
||
| 942 |
_2ddc _cLIBROS |
||
| 945 |
_aacv _d04/04/2019 |
||